Vista normal
Vista MARC
Entrada Nombre Personal
Número de registros utilizados en: 1
001 - Número de Control
- control field: 44483
003 - Identificador de Número de Control
- control field: EC-QuCCB
005 - Fecha y Hora de la última transacción
- Campo de Control: 20260406165220.0
008 - Elementos de Datos de Longitud Fija
- fixed length control field: 260406|| aca||aabn | a|a d
040 ## - Origen de la Catalagación
- Agencia catalogadora original: EC-QuCCB
- Idioma de la catalogación: spa
100 1# - Asiento Principal--Nombre Personal
- Nombre personal :: Crespo, Consuelo,
400 0# - Trazado Véase Desde -- Nombre Personal
- Nombre Personal: Consuelo Crespo,
670 ## - Fuente de la Información Encontrada
- Fuente citada :: No lugar : antología de proyectos 2010 . 2013, 2013:
- Informacion encontrada :: Portadad (Consuelo Crespo)
678 ## - Información Geográfica o Histórica
- Información Histórica o Biográfica: N24 Galería de Arte. Consuelo Crespo, Nació en 1961 en Quito Ecuador. Desde los inicios de mi práctica escultórica decidí trabajar con la cerámica, como un objeto marginal, para no entrar en el campo de la escultura con un objeto único y diferenciado, y construido con materiales y con técnicas “predominantes”.
- Identificador Uniforme de Recursos: https://n24galeria.com/project/consuelo-crespo/























